Podchody k ustanovleniju rynočnoj stoimisti predprijatija i ich ispoľzovanije
Problematika trhovej hodnoty podniku. Vplyv globalizácie na hodnotu podniku. Tri prístupy k ohodnocovaniu podniku.
Guardado en:
| Autor principal: | |
|---|---|
| Formato: | Capítulo de libro |
| Lenguaje: | ruso |
| Materias: | |
| Etiquetas: |
Sin Etiquetas, Sea el primero en etiquetar este registro!
|
MARC
| LEADER | 00000naa$a2200000$$$4500 | ||
|---|---|---|---|
| 001 | 0208815 | ||
| 005 | 20240502083522.0 | ||
| 041 | 0 | |a rus | |
| 044 | |a RU | ||
| 245 | 1 | 0 | |a Podchody k ustanovleniju rynočnoj stoimisti predprijatija i ich ispoľzovanije |c Elena Dengová |
| 520 | |a Problematika trhovej hodnoty podniku. Vplyv globalizácie na hodnotu podniku. Tri prístupy k ohodnocovaniu podniku. | ||
| 610 | 2 | 0 | |a hodnota podniku |
| 610 | 2 | 0 | |a hodnota trhová |
| 610 | 2 | 0 | |a ohodnocovanie podniku |
| 610 | 2 | 0 | |a likvidita |
| 100 | 1 | |a Dengová, Elena | |